Wood structure of the lesser known timbers of Peninsular Malaysia

Bibliographic Details
Main Author: WONG (Tuck Meng)
Format: Book
Published: Kepong : Forest Research Institute , 1976
Series:Malayan forest records; n. 28
Subjects:

MARC

LEADER 00000cam a2200000 7i4500
001 0000000492
005 20000824.0
090 0 0 |a MR674.1209595   |b WON 1976 
100 1 0 |a WONG   |h T. M. [  |q (Tuck Meng)] 
245 1 0 |a Wood structure of the lesser known timbers of Peninsular Malaysia   |c T.M. Wong 
260 0 0 |a Kepong :   |b Forest Research Institute ,   |c 1976 
300 |a xii, 115 p. :   |b ill ;   |c 25 cm. 
440 0 0 |a Malayan forest records; n. 28 
500 0 0 |a Bibliography: p.xi 
650 0 0 |a Timber   |z Peninsular Malaysia 
999 |a 0000000117   |b Monograph   |c Open Shelf   |e Default branch 
999 |a 0000000118   |b Monograph   |c Reference   |e Default branch